000
00269nam a22001217a 4500
008
260420b ||||| |||| 00| 0 eng d
041
_a
Shqip
080
_a
00.1
100
_a
40
101
_a
Gjuhe shqipe
245
_a
Zoti Cogito
_c
Zbignjev Herbert
942
_2
udc
_c
BK
999
_c
60985
_d
60985